000 00345nam a2200145Ia 4500
008 230917s9999||||xx |||||||||||||| ||und||
040 _e198810
_aMAIN
041 _aEnglish
082 _a658.3 S64H
100 _aSingh, S D
245 0 _aHuman resource management
260 _aNew Delhi
_bAITBS
_c2010
300 _avii, 309 p.
942 _cBK
999 _c164681
_d164681